LEADER 02001nam 2200397 n 450 001 996384128903316 005 20200824120845.0 035 $a(CKB)1000000000599791 035 $a(EEBO)2240887690 035 $a(UnM)99850267e 035 $a(UnM)99850267 035 $a(EXLCZ)991000000000599791 100 $a19920227d1612 uy | 101 0 $aeng 135 $aurbn||||a|bb| 200 12$aA reply made unto Mr. Anthony Wotton and Mr. Iohn White ministers$b[electronic resource] $eVVherin it is shewed, that they haue not sufficiently answered the Treatise of Faith. And wherin also the truth of the chief points of the said treatise is more cleerly declared, and more strongly confirmed. By A.D. Student in Diuinity. The first part 210 $a[Saint-Omer $cEnglish College Press] Imprinted with licence$dM.DC.XII. [1612] 215 $a325, [5] p 300 $aIncludes index and final errata leaf. 300 $aPlace of publication and identification of printer from STC. 300 $aA reply to Anthony Wotton's "A trial of the romish clergies title to the church" and also to Thomas White's "The way to the true church"; defends John Fisher's "A treatise of faith". 300 $a"A catalogue of the names of some catholike professours" and "A challenge to protestants" each have caption title; register and pagination are continuous. 300 $a"A catalogue of the names of some catholike professours" was published separately as "A catalogue of diuers visible professors of the Catholike faith" (STC 10912). 300 $aReproduction of the original in the British Library. 330 $aeebo-0018 606 $aCatholics$vEarly works to 1800 615 0$aCatholics 700 $aFisher$b John$f1569-1641.$01007703 801 0$bCu-RivES 801 1$bCu-RivES 801 2$bCStRLIN 801 2$bWaOLN 906 $aBOOK 912 $a996384128903316 996 $aA reply made unto Mr. Anthony Wotton and Mr. Iohn White ministers$92363751 997 $aUNISA LEADER 03508nam a2200349Ii 4500 001 991003238819707536 008 070802s2005 enka fsb 001 0 eng d 020 $a9780750665070 020 $a0750665076 035 $ab13653593-39ule_inst 040 $aBibl. Dip.le Aggr. Ingegneria Innovazione - Sez. Ingegneria Innovazione$beng 082 04$a620.00684$222 100 1 $aGilb, Tom$0627449 245 10$aCompetitive engineering$h[e-book] :$ba handbook for systems engineering, requirements engineering, and software engineering using Planguage /$cTom Gilb ; editor, Lindsey Brodie 260 $aOxford ;$aBurlington, MA :$bButterworth-Heinemann,$c2005 300 $axxi, 474 p. :$bill. ;$c24 cm 504 $aIncludes bibliographical references (p. [439]-447) and index 505 0 $a1. Planguage Basics and Process Control; 2. Introduction to Requirements; 3. Functions; 4. Performance; 5. Scales of Measure; 6. Resources, Budgets and Costs; 7. Design Ideas and Design Engineering; 8. Specification Quality Control; 9. Impact Estimation; 10. Evolutionary Project Management; Planguage Concept Glossary 520 $aCompetitive Engineering documents Tom Gilb's unique, ground-breaking approach to communicating management objectives and systems engineering requirements, clearly and unambiguously. Competitive Engineering is a revelation for anyone involved in management and risk control. Already used by thousands of project managers and systems engineers around the world, this is a handbook for initiating, controlling and delivering complex projects on time and within budget. The Competitive Engineering methodology provides a practical set of tools and techniques that enable readers to effectively design, manage and deliver results in any complex organization - in engineering, industry, systems engineering, software, IT, the service sector and beyond. Elegant, comprehensive and accessible, the Competitive Engineering methodology provides a practical set of tools and techniques that enable readers to effectively design, manage and deliver results in any complex organization - in engineering, industry, systems engineering, software, IT, the service sector and beyond. * Provides detailed, practical and innovative coverage of key subjects including requirements specification, design evaluation, specification quality control and evolutionary project management * Offers a complete, proven and meaningful 'end-to-end' process for specifying, evaluating, managing and delivering high quality solutions * Tom Gilb's clients include HP, Intel, CitiGroup, IBM, Nokia and the US Department of Defense 533 $aElectronic reproduction.$bAmsterdam :$cElsevier Science & Technology,$d2007.$nMode of access: World Wide Web.$nSystem requirements: Web browser.$nTitle from title screen (viewed on July 25, 2007).$nAccess may be restricted to users at subscribing institutions 650 0$aSystems engineering$xManagement 650 0$aProcess control 650 0$aProject management 655 7$aElectronic books.$2local 700 1 $aBrodie, Lindsey. 776 1 $cOriginal$z0750665076$z9780750665070$w(OCoLC)56913137 856 40$3Referex$uhttp://www.sciencedirect.com/science/book/9780750665070$zAn electronic book accessible through the World Wide Web; click for information 907 $a.b13653593$b03-03-22$c24-01-08 912 $a991003238819707536 996 $aCompetitive engineering$91212945 997 $aUNISALENTO 998 $ale026$b24-01-08$cm$d@ $e-$feng$genk$h0$i0